[Event "BCF-chT3 0607 (4NCL)"]
[Site "Sunningdale"]
[Date "2007.05.05"]
[Round "9.7"]
[White "Kieran, Rosalind"]
[Black "Sen, Subin"]
[Result "0-1"]
[WhiteElo "2048"]
[BlackElo "2016"]
[PlyCount "77"]
[EventDate "2006.09.16"]
[EventType "team"]
[EventRounds "11"]
[EventCountry "ENG"]
[SourceTitle "EXT 2008"]
[Source "ChessBase"]
[SourceDate "2007.11.25"]
[SourceVersion "1"]
[SourceVersionDate "2007.11.25"]
[SourceQuality "1"]
[WhiteTeam "Pride and Prejudice "]
[BlackTeam "Guildford IV"]
[WhiteTeamCountry "ENG"]
[BlackTeamCountry "ENG"]

1. e4 c5 2. Nf3 d6 3. d4 cxd4 4. Nxd4 Nf6 5. Nc3 a6 6. Be3 e5 7. Nb3 Be6 8. f3 h5 9. Qd2 Nbd7 10. Nd5 Bxd5 11. exd5 Rc8 12. c4 g6 13. Be2 Bg7 14. Rc1 b6 15. 0-0 0-0 16. Bd3 Re8 17. Qf2 Nc5 18. Bc2 Qd7 19. Nd2 a5 20. b3 b5 21. Rfd1 e4 22. Nxe4 Nfxe4 23. fxe4 Nxe4 24. Bxe4 Rxe4 25. c5 dxc5 26. Rxc5 Rce8 27. d6 Rxe3 28. Rc7 Qe6 29. d7 Rd8 30. Rc8 Bf6 31. Rf1 Be7 32. Qd2 Re5 33. Qxa5 Rxc8 34. dxc8Q+ Qxc8 35. Qd2 Bc5+ 36. Kh1 Qe8 37. Qf4 Re1 38. h3 Rxf1+ 39. Qxf1 0-1

[Event "BCF-chT3 0607 (4NCL)"]
[Site "Sunningdale"]
[Date "2007.01.14"]
[Round "6.7"]
[White "Martin, Lewis"]
[Black "Kieran, Rosalind"]
[Result "0-1"]
[WhiteElo "1980"]
[BlackElo "2048"]
[PlyCount "74"]
[EventDate "2006.09.16"]
[EventType "team"]
[EventRounds "11"]
[EventCountry "ENG"]
[SourceTitle "EXT 2008"]
[Source "ChessBase"]
[SourceDate "2007.11.25"]
[SourceVersion "1"]
[SourceVersionDate "2007.11.25"]
[SourceQuality "1"]
[WhiteTeam "Braille Chess Association"]
[BlackTeam "Pride and Prejudice "]
[WhiteTeamCountry "ENG"]
[BlackTeamCountry "ENG"]

1. e4 c5 2. Nf3 d6 3. d4 cxd4 4. Nxd4 Nf6 5. Nc3 g6 6. g3 Bg7 7. Bg2 0-0 8. 0-0 Bd7 9. h3 Nc6 10. Be3 Ne5 11. b3 Qc8 12. Qe1 Bxh3 13. f4 Bxg2 14. Kxg2 Neg4 15. Bg1 e5 16. Ndb5 Qc6 17. Rd1 Rfd8 18. Bxa7 d5 19. fxe5 Nxe4 20. Nxe4 Qxb5 21. Nc3 Qc6 22. Bd4 Re8 23. Qe2 Nxe5 24. a4 Rac8 25. Qf2 f5 26. Qf4 Ng4 27. Rf3 Bh6 28. Qxh6 Nxh6 29. Rh1 Ng4 30. Rd1 Re6 31. Bg1 Rce8 32. Rd2 Ne5 33. Bd4 Nxf3 34. Kxf3 Re3+ 35. Bxe3 d4+ 36. Ke2 Rxe3+ 37. Kf1 Qh1+ 0-1

[Event "BCF-chT3 0607 (4NCL)"]
[Site "Sunningdale"]
[Date "2006.11.11"]
[Round "3.5"]
[White "Purton, Benjamin"]
[Black "Kieran, Rosalind"]
[Result "1-0"]
[WhiteElo "2091"]
[BlackElo "2076"]
[PlyCount "67"]
[EventDate "2006.09.16"]
[EventType "team"]
[EventRounds "11"]
[EventCountry "ENG"]
[SourceTitle "EXT 2008"]
[Source "ChessBase"]
[SourceDate "2007.11.25"]
[SourceVersion "1"]
[SourceVersionDate "2007.11.25"]
[SourceQuality "1"]
[WhiteTeam "Slough Sharks III"]
[BlackTeam "Pride and Prejudice "]
[WhiteTeamCountry "ENG"]
[BlackTeamCountry "ENG"]

1. e4 c5 2. Nf3 d6 3. Bb5+ Bd7 4. Bxd7+ Qxd7 5. c4 Nc6 6. 0-0 Nf6 7. Nc3 g6 8. d4 cxd4 9. Nxd4 Bg7 10. Nde2 Rc8 11. f3 0-0 12. Be3 b6 13. Qd2 Qb7 14. b3 Nd7 15. Rad1 Nce5 16. h3 Nc5 17. Bg5 Ne6 18. Bh4 Nc6 19. Nd5 Rfe8 20. f4 Ncd4 21. f5 Nxe2+ 22. Qxe2 Nc5 23. Qf3 f6 24. e5 dxe5 25. b4 e4 26. Qg4 g5 27. bxc5 gxh4 28. Qxe4 Kh8 29. cxb6 axb6 30. Rf4 Qa7 31. Rxh4 b5+ 32. Qd4 Qxa2 33. Nb6 Rc6 34. Qd7 1-0

[Event "BCF-chT4 0506 (4NCL)"]
[Site "West Bromwich"]
[Date "2006.05.27"]
[Round "9.5"]
[White "Dodwell, Philip"]
[Black "Kieran, Rosalind"]
[Result "0-1"]
[WhiteElo "2060"]
[BlackElo "2015"]
[PlyCount "72"]
[EventDate "2005.11.05"]
[EventType "team"]
[EventRounds "11"]
[EventCountry "ENG"]
[SourceTitle "CBM 109 Extra"]
[Source "ChessBase"]
[SourceDate "2006.01.03"]
[SourceVersion "2"]
[SourceVersionDate "2006.01.03"]
[SourceQuality "1"]
[WhiteTeam "Gloucestershire Gambits"]
[BlackTeam "Pride and Prejudice "]
[WhiteTeamCountry "ENG"]
[BlackTeamCountry "ENG"]

1. e4 c5 2. Nf3 d6 3. Bb5+ Bd7 4. Bxd7+ Qxd7 5. 0-0 Nc6 6. c3 e6 7. d4 cxd4 8. cxd4 d5 9. e5 Nge7 10. Nc3 Nf5 11. g4 Nfe7 12. Be3 h5 13. Nb5 Ng6 14. g5 Ncxe5 15. dxe5 Qxb5 16. Nd4 Qd7 17. f4 Bc5 18. Rc1 Bb6 19. Qe2 Ne7 20. f5 Bxd4 21. Bxd4 Nxf5 22. Rxf5 exf5 23. g6 Rh6 24. gxf7+ Kxf7 25. Rf1 Rg6+ 26. Kh1 Rg4 27. Qd2 Rc8 28. h3 Rh4 29. Qf2 Rxh3+ 30. Kg2 f4 31. Qxf4+ Kg8 32. Qf5 Qxf5 33. Rxf5 Rh4 34. Bc3 Rg4+ 35. Kf3 Rf8 36. Rxf8+ Kxf8 0-1

[Event "BCF-chT4 0506 (4NCL)"]
[Site "West Bromwich"]
[Date "2005.12.03"]
[Round "3.6"]
[White "Kieran, Rosalind"]
[Black "Hall, Joshua DW"]
[Result "1-0"]
[WhiteElo "2015"]
[BlackElo "2020"]
[PlyCount "53"]
[EventDate "2005.11.05"]
[EventType "team"]
[EventRounds "11"]
[EventCountry "ENG"]
[SourceTitle "CBM 109 Extra"]
[Source "ChessBase"]
[SourceDate "2006.01.03"]
[SourceVersion "2"]
[SourceVersionDate "2006.01.03"]
[SourceQuality "1"]
[WhiteTeam "Pride and Prejudice "]
[BlackTeam "Brown Jack"]
[WhiteTeamCountry "ENG"]
[BlackTeamCountry "ENG"]

1. e4 d5 2. exd5 Nf6 3. d4 Nxd5 4. c3 Bf5 5. Bd3 Bxd3 6. Qxd3 Nc6 7. Nf3 g6 8. 0-0 Bg7 9. Na3 0-0 10. Nc4 Re8 11. Bg5 h6 12. Bh4 f5 13. h3 Qc8 14. Rfe1 g5 15. Bg3 f4 16. Bh2 g4 17. hxg4 Qxg4 18. Nce5 Nxe5 19. Nxe5 Bxe5 20. Rxe5 e6 21. Rae1 Kh8 22. Qe4 Rg8 23. Rxe6 c6 24. Rxh6+ Kg7 25. Qh7+ Kf8 26. Rf6+ Nxf6 27. Qe7# 1-0

[Event "BCF-chT4 0506 (4NCL)"]
[Site "West Bromwich"]
[Date "2005.11.06"]
[Round "2.6"]
[White "Weighell, Mark"]
[Black "Kieran, Rosalind"]
[Result "0-1"]
[WhiteElo "1990"]
[BlackElo "2015"]
[PlyCount "61"]
[EventDate "2005.11.05"]
[EventType "team"]
[EventRounds "11"]
[EventCountry "ENG"]
[SourceTitle "CBM 109 Extra"]
[Source "ChessBase"]
[SourceDate "2006.01.03"]
[SourceVersion "2"]
[SourceVersionDate "2006.01.03"]
[SourceQuality "1"]
[WhiteTeam "Athenaeum"]
[BlackTeam "Pride and Prejudice "]
[WhiteTeamCountry "ENG"]
[BlackTeamCountry "ENG"]

1. e4 c5 2. d4 cxd4 3. c3 Nf6 4. e5 Nd5 5. Nf3 Nc6 6. cxd4 d6 7. Bc4 Nb6 8. Bb5 d5 9. 0-0 g6 10. Bg5 Bg7 11. Qc1 Bd7 12. Bh6 0-0 13. Bxg7 Kxg7 14. Qf4 Rc8 15. Nc3 Nb4 16. Be2 Bf5 17. Rfd1 Nc4 18. Bxc4 Rxc4 19. a3 Na6 20. g4 Be6 21. Rd3 Qd7 22. h3 h6 23. Kh2 f5 24. g5 h5 25. Rd2 Nc5 26. Rc2 Ne4 27. Rac1 Rfc8 28. Qe3 f4 29. Qxf4 Rf8 30. Qe3 Bxh3 31. Ne2 0-1

[Event "Varsity Oxbridge m 122nd"]
[Site "London"]
[Date "2004.03.13"]
[Round "?.7"]
[White "Kieran, Rosalind"]
[Black "Shaw, David A"]
[Result "1/2-1/2"]
[WhiteElo "2084"]
[BlackElo "2165"]
[PlyCount "99"]
[EventDate "2004.03.13"]
[EventType "team"]
[EventRounds "1"]
[EventCountry "ENG"]
[SourceTitle "CBM 099 Extra"]
[Source "ChessBase"]
[SourceDate "2004.05.04"]
[SourceVersion "1"]
[SourceVersionDate "2004.05.04"]
[SourceQuality "1"]

1. e4 e6 2. d4 d5 3. e5 c5 4. c3 Nc6 5. Nf3 Qb6 6. Be2 cxd4 7. cxd4 Nh6 8. Nc3 Nf5 9. Bb5 Bb4 10. Bxc6+ bxc6 11. 0-0 Ba6 12. Re1 0-0 13. a3 Bxc3 14. bxc3 c5 15. a4 Rfb8 16. g4 Nh6 17. Bxh6 gxh6 18. Qd2 cxd4 19. cxd4 Qb3 20. Kg2 Kg7 21. Qf4 Qc2 22. Qf6+ Kg8 23. Qxh6 Rb2 24. Qe3 Rab8 25. Rac1 Qg6 26. h3 Bd3 27. Nh4 Qe4+ 28. Kg1 Qxe3 29. Rxe3 Bg6 30. Nxg6 hxg6 31. Rc7 R8b7 32. Rec3 R2b4 33. a5 Rxc7 34. Rxc7 Rxd4 35. Rxa7 Ra4 36. a6 g5 37. Kf1 Ra3 38. Kg2 Kg7 39. f3 Ra2+ 40. Kg3 Ra3 41. Kf2 d4 42. Rd7 Rxa6 43. Rxd4 Ra2+ 44. Kg3 Ra3 45. Re4 Kg6 46. Kf2 Ra2+ 47. Re2 Ra3 48. Re3 Ra1 49. Kg2 Rb1 50. Kf2 1/2-1/2

[Event "BCF-chT 0203 (4NCL)"]
[Site "West Bromwich"]
[Date "2003.03.09"]
[Round "6.8"]
[White "Kieran, Rosalind"]
[Black "Cast, Abigail"]
[Result "1/2-1/2"]
[WhiteElo "2087"]
[BlackElo "2114"]
[PlyCount "79"]
[EventDate "2002.11.??"]
[EventType "team"]
[EventRounds "11"]
[EventCountry "ENG"]
[SourceTitle "EXT 2004"]
[Source "ChessBase"]
[SourceDate "2003.11.25"]
[SourceVersion "1"]
[SourceVersionDate "2003.11.25"]
[SourceQuality "1"]
[WhiteTeam "Barbican II"]
[BlackTeam "SW Dragons"]
[WhiteTeamCountry "ENG"]
[BlackTeamCountry "ENG"]

1. e4 e6 2. d4 d5 3. e5 c5 4. c3 Nc6 5. Nf3 Qb6 6. Be2 Bd7 7. 0-0 cxd4 8. cxd4 Nge7 9. Na3 Nf5 10. Nc2 Rc8 11. Bd3 Nfe7 12. Rb1 Na5 13. Qe2 a6 14. Bd2 Bb5 15. Rfc1 Bxd3 16. Qxd3 Nc4 17. Bc3 Nc6 18. Ne3 Nxe3 19. Qxe3 Be7 20. Nd2 h6 21. Rf1 g6 22. b4 Qc7 23. Rb3 b6 24. Rfb1 b5 25. a3 h5 26. Bb2 0-0 27. Qh6 Rfe8 28. Rg3 Bh4 29. Rh3 Be7 30. Nf3 Bf8 31. Qg5 Bg7 32. Bc1 Ne7 33. Qd2 Qc2 34. Qxc2 Rxc2 35. Ne1 Rc4 36. Bb2 Nf5 37. Rd3 Rec8 38. Kf1 Bh6 39. Rdd1 R8c6 40. Ke2 1/2-1/2

[Event "BCF-chT 0203 (4NCL)"]
[Site "West Bromwich"]
[Date "2003.01.18"]
[Round "3.8"]
[White "Kieran, Rosalind"]
[Black "Bellin, Jana"]
[Result "0-1"]
[WhiteElo "2087"]
[BlackElo "2203"]
[PlyCount "74"]
[EventDate "2002.11.??"]
[EventType "team"]
[EventRounds "11"]
[EventCountry "ENG"]
[SourceTitle "EXT 2004"]
[Source "ChessBase"]
[SourceDate "2003.11.25"]
[SourceVersion "1"]
[SourceVersionDate "2003.11.25"]
[SourceQuality "1"]
[WhiteTeam "Barbican II"]
[BlackTeam "The ADS"]
[WhiteTeamCountry "ENG"]
[BlackTeamCountry "ENG"]

1. e4 c5 2. Nf3 e6 3. d4 cxd4 4. Nxd4 a6 5. Bd3 Nf6 6. 0-0 d6 7. Qe2 Qc7 8. Be3 g6 9. c4 Bg7 10. Nc3 Nbd7 11. f4 0-0 12. Rac1 b6 13. b4 Bb7 14. Kh1 Rae8 15. Nb3 Rc8 16. Rfd1 Qb8 17. Nd2 Rfe8 18. Rf1 Red8 19. Na4 b5 20. Nc3 bxc4 21. Nxc4 d5 22. Nd2 dxe4 23. Ndxe4 Nxe4 24. Nxe4 Rxc1 25. Rxc1 Bxe4 26. Bxe4 Qxb4 27. Bc6 Nf6 28. Qxa6 Ng4 29. Qe2 Qa3 30. Qxg4 Qxe3 31. Rd1 Rd2 32. a4 Qd3 33. Re1 Rc2 34. Bb5 Qd2 35. Qg3 Rc1 36. Rf1 Bh6 37. Qf3 Bxf4 0-1

[Event "BCF-chT2 0102 (4NCL)"]
[Site "Birmingham"]
[Date "2002.05.05"]
[Round "10.8"]
[White "Headlong, Fenella"]
[Black "Kieran, Rosalind"]
[Result "0-1"]
[WhiteElo "1656"]
[BlackElo "2079"]
[PlyCount "154"]
[EventDate "2001.09.22"]
[EventType "team"]
[EventRounds "11"]
[EventCountry "ENG"]
[SourceTitle "EXT 2003"]
[Source "ChessBase"]
[SourceDate "2002.11.25"]
[SourceVersion "1"]
[SourceVersionDate "2002.11.25"]
[SourceQuality "1"]
[WhiteTeam "Warwicks Select"]
[BlackTeam "Barbican III"]
[WhiteTeamCountry "ENG"]
[BlackTeamCountry "ENG"]

1. e4 c5 2. c3 Nf6 3. e5 Nd5 4. d4 cxd4 5. cxd4 d6 6. Nf3 Nc6 7. Bc4 Nb6 8. Bb5 a6 9. Bxc6+ bxc6 10. exd6 exd6 11. 0-0 Be7 12. Nc3 0-0 13. Bf4 Be6 14. Re1 Nd5 15. Nxd5 Bxd5 16. Qd3 Bf6 17. Rac1 Rb8 18. b3 a5 19. Re3 Rb4 20. Qf5 Be6 21. Qc2 Bxd4 22. Nxd4 Rxd4 23. Re4 Bf5 24. Rxd4 Bxc2 25. Rxc2 Qf6 26. Be3 c5 27. Rd1 Rd8 28. h3 h6 29. Rcd2 Qe5 30. Rd5 Qc3 31. Bxc5 Re8 32. Be3 Re6 33. R5d3 Qb2 34. R3d2 Qe5 35. Rd5 Qc3 36. R5d3 Qc7 37. Bf4 Qe7 38. Bxd6 Re1+ 39. Kh2 Rxd1 40. Bxe7 Rxd3 41. Bc5 Rd2 42. a3 Rd3 43. Bb6 Rxb3 44. Bxa5 Rxa3 45. Bb6 f6 46. Be3 Kf7 47. g3 Ke6 48. Kg2 Kf5 49. Bc5 Rc3 50. Bf8 Kg6 51. Bb4 Rb3 52. Bc5 h5 53. Bf8 Kf7 54. Bc5 g5 55. Be3 Ke6 56. Kf3 Kf5 57. g4+ Kg6 58. Ke4 Rb4+ 59. Kf3 f5 60. gxf5+ Kxf5 61. Kg3 Rb3 62. Kg2 g4 63. hxg4+ Kxg4 64. f3+ Kh4 65. Bf2+ Kg5 66. Bg3 h4 67. Bd6 Rd3 68. Bc7 Rd7 69. Bb8 Rd2+ 70. Kh3 Rf2 71. f4+ Kh5 72. Be5 Rf3+ 73. Kg2 Kg4 74. Bd6 h3+ 75. Kh2 Rf2+ 76. Kg1 h2+ 77. Kh1 Kh3 0-1

[Event "BCF-chT2 0102 (4NCL)"]
[Site "Birmingham"]
[Date "2001.11.25"]
[Round "4.6"]
[White "Kieran, Rosalind"]
[Black "Johnston, Dafydd"]
[Result "0-1"]
[WhiteElo "2079"]
[BlackElo "2230"]
[PlyCount "76"]
[EventDate "2001.09.22"]
[EventType "team"]
[EventRounds "11"]
[EventCountry "ENG"]
[SourceTitle "EXT 2003"]
[Source "ChessBase"]
[SourceDate "2002.11.25"]
[SourceVersion "1"]
[SourceVersionDate "2002.11.25"]
[SourceQuality "1"]
[WhiteTeam "Barbican III"]
[BlackTeam "SW Dragons"]
[WhiteTeamCountry "ENG"]
[BlackTeamCountry "ENG"]

1. e4 e6 2. d4 d5 3. e5 c5 4. c3 Nc6 5. Nf3 Bd7 6. Be2 Nge7 7. Na3 Ng6 8. Nc2 Be7 9. 0-0 0-0 10. Bd3 Rc8 11. Be3 cxd4 12. cxd4 f6 13. exf6 gxf6 14. h4 Qe8 15. Bh6 Rf7 16. h5 Nf8 17. Nh2 e5 18. dxe5 fxe5 19. Ne3 Be6 20. Nhg4 d4 21. Nc2 Nd7 22. f4 Bc5 23. Qf3 e4 24. Bxe4 d3+ 25. Nce3 Nd4 26. Qh3 Bxg4 27. Qxg4+ Kh8 28. f5 Nf6 29. Qh3 Qxe4 30. Kh1 Rg8 31. Rf4 Qc6 32. Ng4 Nxg4 33. Rxg4 Rxg4 34. Qxg4 Qxh6 35. Re1 d2 36. Re8+ Rf8 37. Re5 Rg8 38. Qd1 Qg5 0-1

[Event "BCF-chT2 0102 (4NCL)"]
[Site "Birmingham"]
[Date "2001.11.24"]
[Round "3.8"]
[White "Gruettner, Ralf"]
[Black "Kieran, Rosalind"]
[Result "1-0"]
[WhiteElo "2058"]
[BlackElo "2079"]
[PlyCount "61"]
[EventDate "2001.09.22"]
[EventType "team"]
[EventRounds "11"]
[EventCountry "ENG"]
[SourceTitle "EXT 2003"]
[Source "ChessBase"]
[SourceDate "2002.11.25"]
[SourceVersion "1"]
[SourceVersionDate "2002.11.25"]
[SourceQuality "1"]
[WhiteTeam "Athenaeum"]
[BlackTeam "Barbican III"]
[WhiteTeamCountry "ENG"]
[BlackTeamCountry "ENG"]

1. e4 c5 2. Nc3 Nc6 3. g3 g6 4. Bg2 Bg7 5. d3 e6 6. Be3 d6 7. Qd2 Rb8 8. f4 Nge7 9. Nf3 b5 10. 0-0 b4 11. Nd1 Nd4 12. Qf2 Nxf3+ 13. Bxf3 Ba6 14. a3 Qc8 15. axb4 Rxb4 16. g4 f5 17. gxf5 exf5 18. e5 dxe5 19. Bxc5 Rxf4 20. Bxe7 Bb7 21. Qc5 Qxc5+ 22. Bxc5 Bxf3 23. Rxa7 Bf6 24. Ne3 h5 25. Rxf3 Rxf3 26. Nc4 e4 27. Nd6+ Kf8 28. Nxe4+ Be7 29. Bxe7+ Kg8 30. Ng5 Re3 31. Bf6 1-0

[Event "EU-ch U20 Girls"]
[Site "Patras"]
[Date "2001.07.21"]
[Round "6"]
[White "Matras Clement, Agnieszka"]
[Black "Kieran, Rosalind"]
[Result "1-0"]
[WhiteElo "2218"]
[BlackElo "2083"]
[PlyCount "93"]
[EventDate "2001.07.16"]
[EventType "swiss"]
[EventRounds "11"]
[EventCountry "GRE"]
[SourceTitle "CBM 083 Extra"]
[Source "ChessBase"]
[SourceDate "2001.09.11"]
[SourceVersion "1"]
[SourceVersionDate "2001.09.11"]
[SourceQuality "1"]

1. e4 c5 2. Nc3 Nc6 3. Bb5 Nd4 4. Bc4 e6 5. Nf3 g6 6. 0-0 Bg7 7. d3 Ne7 8. Nxd4 cxd4 9. Ne2 d5 10. Bb3 h6 11. f4 dxe4 12. dxe4 0-0 13. Kh1 b6 14. Qd3 a5 15. Rd1 Nc6 16. a4 Ba6 17. Qf3 Qc7 18. Bd2 Rfd8 19. Be1 Bxe2 20. Qxe2 Qxf4 21. Bg3 Qg5 22. Rf1 Rac8 23. Rae1 Qe7 24. e5 Qb4 25. Rf3 d3 26. Rxd3 Rxd3 27. Qxd3 Nxe5 28. Qe2 Nc4 29. Rf1 Bxb2 30. Rf4 Be5 31. Rxc4 Rxc4 32. Qxc4 Qd2 33. Qf1 Bxg3 34. hxg3 Qg5 35. Qf3 Qe5 36. Qf4 Qa1+ 37. Kh2 Kg7 38. Qc7 Qd1 39. Bxe6 Qh5+ 40. Bh3 g5 41. Qxb6 Qd1 42. Qb2+ Kg6 43. Qb6+ Kg7 44. g4 Qd2 45. Qc7 Qb4 46. Qc6 Qd2 47. c4 1-0

[Event "EU-ch U20 Girls"]
[Site "Patras"]
[Date "2001.07.20"]
[Round "5"]
[White "Kieran, Rosalind"]
[Black "Srebrnic, Ana"]
[Result "1/2-1/2"]
[WhiteElo "2083"]
[BlackElo "2176"]
[PlyCount "69"]
[EventDate "2001.07.16"]
[EventType "swiss"]
[EventRounds "11"]
[EventCountry "GRE"]
[SourceTitle "CBM 083 Extra"]
[Source "ChessBase"]
[SourceDate "2001.09.11"]
[SourceVersion "1"]
[SourceVersionDate "2001.09.11"]
[SourceQuality "1"]

1. e4 e5 2. Nf3 Nc6 3. Bc4 Nf6 4. d3 Be7 5. c3 0-0 6. 0-0 d5 7. exd5 Nxd5 8. Re1 Bg4 9. h3 Bh5 10. Nbd2 Nb6 11. Bb5 f6 12. Bxc6 bxc6 13. Ne4 Nd5 14. Ng3 Bf7 15. d4 exd4 16. Nxd4 c5 17. Nc6 Qe8 18. Nxe7+ Nxe7 19. Nf5 Nxf5 20. Rxe8 Rfxe8 21. Bf4 Rad8 22. Qg4 Nd6 23. h4 Re4 24. h5 Rde8 25. f3 Be6 26. Qg3 Nf5 27. Qh2 Re2 28. Bxc7 Ne3 29. Qd6 Rxg2+ 30. Kh1 Rg5 31. Re1 Bd5 32. Qf4 Rxh5+ 33. Kg1 Rg5+ 34. Kh1 Rh5+ 35. Kg1 1/2-1/2

[Event "EU-ch U20 Girls"]
[Site "Patras"]
[Date "2001.07.18"]
[Round "3"]
[White "Yildiz Kadioglu, Betul Cemre"]
[Black "Kieran, Rosalind"]
[Result "0-1"]
[WhiteElo "2061"]
[BlackElo "2083"]
[PlyCount "114"]
[EventDate "2001.07.16"]
[EventType "swiss"]
[EventRounds "11"]
[EventCountry "GRE"]
[SourceTitle "CBM 083 Extra"]
[Source "ChessBase"]
[SourceDate "2001.09.11"]
[SourceVersion "1"]
[SourceVersionDate "2001.09.11"]
[SourceQuality "1"]

1. d4 Nf6 2. Nf3 d5 3. Bg5 e6 4. e3 Nbd7 5. c3 Be7 6. Nbd2 0-0 7. Bd3 c5 8. 0-0 Qc7 9. Qc2 h6 10. Bf4 Bd6 11. Bxd6 Qxd6 12. Rad1 b6 13. e4 dxe4 14. Nxe4 Qe7 15. dxc5 Nxc5 16. Nd6 Nxd3 17. Nxc8 Raxc8 18. Rxd3 Nd5 19. Rd4 Qf6 20. Rfd1 Rc7 21. Qd2 Qf5 22. Re1 Nf6 23. Ne5 Nd5 24. h3 Rfc8 25. c4 Nf6 26. Rd8+ Kh7 27. Rxc8 Rxc8 28. Nxf7 Rxc4 29. Nd6 Rc2 30. Qd4 Qd5 31. Qxd5 exd5 32. Rb1 Kg6 33. Nb5 a6 34. Nd4 Rd2 35. Nf3 Rc2 36. Nd4 Rc4 37. Rd1 Ne4 38. f3 Nf6 39. Kf2 Nd7 40. Ke3 Kf6 41. Ne2 Ke5 42. Nd4 g6 43. a3 Nf6 44. Rd2 Nh5 45. Ne2 Ng7 46. g4 Ne6 47. b3 d4+ 48. Kf2 Rc7 49. Kg3 Kd5 50. Kf2 Ke5 51. h4 Rd7 52. Ng3 Nf4 53. Ne4 Rc7 54. Kg3 Rc1 55. Rb2 d3 56. Rd2 Rc2 57. Kf2 Kd4 0-1

[Event "BCF-chT3b 0001 (4NCL)"]
[Site "Birmingham"]
[Date "2001.01.28"]
[Round "6.8"]
[White "McDonnell, James J"]
[Black "Kieran, Rosalind"]
[Result "0-1"]
[WhiteElo "2044"]
[BlackElo "2083"]
[PlyCount "78"]
[EventDate "2000.11.26"]
[EventType "team-tourn"]
[EventRounds "7"]
[EventCountry "ENG"]
[SourceTitle "EXT 2002"]
[Source "ChessBase"]
[SourceDate "2001.11.25"]
[SourceVersion "1"]
[SourceVersionDate "2001.11.25"]
[SourceQuality "1"]
[WhiteTeam "Athenaeum"]
[BlackTeam "Barbican III"]
[WhiteTeamCountry "ENG"]
[BlackTeamCountry "ENG"]

1. e4 c5 2. Nc3 Nc6 3. g3 g6 4. Bg2 Bg7 5. d3 e6 6. Be3 d6 7. Qd2 Rb8 8. f4 Nge7 9. Nge2 Nd4 10. 0-0 0-0 11. Nd1 b6 12. Nc1 Bb7 13. c3 Ndc6 14. g4 f5 15. Nf2 Qc7 16. Ne2 Rbd8 17. Rac1 Qd7 18. d4 Ba6 19. Rfd1 Qe8 20. Bf3 e5 21. d5 exf4 22. Bxf4 Ne5 23. Bxe5 Bxe5 24. Nh3 Bc8 25. gxf5 gxf5 26. Qg5+ Kh8 27. Bh5 Qd7 28. Kh1 fxe4 29. Nhf4 Rg8 30. Qh4 Nf5 31. Qf2 Qe7 32. Rg1 e3 33. Qf3 Bg7 34. Ng2 Rdf8 35. Rce1 Bh6 36. Nef4 Nh4 37. Qxe3 Qxe3 38. Rxe3 Nxg2 39. Nxg2 Rxg2 0-1

[Event "BCF-chT 0001 (4NCL)"]
[Site "Birmingham"]
[Date "2000.11.26"]
[Round "4.8"]
[White "Vann, Monica"]
[Black "Kieran, Rosalind"]
[Result "0-1"]
[WhiteElo "1536"]
[BlackElo "2083"]
[PlyCount "92"]
[EventDate "2000.09.??"]
[EventType "team"]
[EventRounds "11"]
[EventCountry "ENG"]
[SourceTitle "EXT 2002"]
[Source "ChessBase"]
[SourceDate "2001.11.25"]
[SourceVersion "1"]
[SourceVersionDate "2001.11.25"]
[SourceQuality "1"]
[WhiteTeam "PP"]
[BlackTeam "Barbican II"]
[WhiteTeamCountry "ENG"]
[BlackTeamCountry "ENG"]

1. e4 c5 2. f4 Nc6 3. Nf3 g6 4. Nc3 Bg7 5. Bc4 e6 6. 0-0 Nge7 7. a3 d5 8. Ba2 dxe4 9. Nxe4 0-0 10. c3 b6 11. Rb1 Ba6 12. c4 Nd4 13. b4 Bb7 14. d3 Nxf3+ 15. Qxf3 f5 16. Nf6+ Bxf6 17. Qxb7 Qxd3 18. Qf3 Rad8 19. Bb2 Bxb2 20. Rxb2 Qd4+ 21. Rbf2 Rd6 22. Bb3 Qd3 23. Re2 Qxf3 24. Rxf3 Nc6 25. Rfe3 Nd4 26. Re1 Rc8 27. b5 Rcd8 28. Bd1 Kf7 29. Re5 Nxb5 30. cxb5 Rxd1 31. Rxe6 Rxe1+ 32. Rxe1 Rd3 33. Ra1 Rd2 34. a4 Rd4 35. g3 Ke6 36. Re1+ Re4 37. Rd1 Rxa4 38. Rd8 Ra2 39. Rh8 h5 40. Rc8 Rd2 41. Rc6+ Rd6 42. Rc7 Kd5 43. Rxa7 Kc4 44. h3 Kxb5 45. Rh7 c4 46. Rh6 c3 0-1

[Event "Smith & Williamson YM-B 10th"]
[Site "Witley"]
[Date "2000.07.17"]
[Round "2"]
[White "Kieran, Rosalind"]
[Black "Moen, Andreas"]
[Result "0-1"]
[WhiteElo "2106"]
[BlackElo "2168"]
[PlyCount "62"]
[EventDate "2000.07.17"]
[EventType "swiss"]
[EventRounds "11"]
[EventCountry "ENG"]
[SourceTitle "EXT 2001"]
[Source "ChessBase"]
[SourceDate "2000.11.22"]
[SourceVersion "1"]
[SourceVersionDate "2000.11.22"]
[SourceQuality "1"]

1. e4 e5 2. Nf3 Nf6 3. Nxe5 d6 4. Nf3 Nxe4 5. d4 d5 6. Bd3 Bd6 7. 0-0 0-0 8. c3 Bg4 9. Nbd2 Nxd2 10. Bxd2 Nd7 11. Re1 Qf6 12. Be2 h6 13. Ne5 Nxe5 14. Bxg4 Nd3 15. Re2 Nxb2 16. Qb3 Nc4 17. Be3 Rab8 18. Rae1 c6 19. Bh3 Qh4 20. Qb1 g6 21. Bc1 Kg7 22. Qd3 b5 23. Be3 a5 24. Rc1 Nxe3 25. fxe3 f5 26. Rf1 a4 27. Qd1 g5 28. Ref2 g4 29. Rxf5 gxh3 30. g3 Qe4 31. R5f3 Rf6 0-1

[Event "London MSO Banwell Memorial"]
[Site "London"]
[Date "2000.??.??"]
[Round "9"]
[White "Kieran, Rosalind"]
[Black "Bass, John W"]
[Result "1/2-1/2"]
[WhiteElo "2106"]
[BlackElo "2054"]
[PlyCount "56"]
[EventDate "2000.08.20"]
[EventType "swiss"]
[EventRounds "9"]
[EventCountry "ENG"]
[SourceTitle "EXT 2001"]
[Source "ChessBase"]
[SourceDate "2000.11.22"]
[SourceVersion "1"]
[SourceVersionDate "2000.11.22"]
[SourceQuality "1"]

1. e4 e6 2. d4 d5 3. e5 c5 4. c3 Nc6 5. Nf3 Nge7 6. Na3 cxd4 7. cxd4 Nf5 8. Nc2 Be7 9. Bd3 0-0 10. 0-0 Bd7 11. Bd2 Rc8 12. Rb1 f6 13. Bc3 fxe5 14. Nxe5 Nxe5 15. dxe5 Ba4 16. Qg4 Bxc2 17. Bxc2 Bc5 18. Rbd1 Qe7 19. Qh3 g6 20. Bb3 Rf7 21. Rd3 Rcf8 22. Bd1 Qd8 23. b4 Bb6 24. Bg4 Qe7 25. a3 Ng7 26. Rd2 Nf5 27. Rd3 Ng7 28. Rd2 Nf5 1/2-1/2